DERECHO INTERNACIONAL PRIVADO (Registro nro. 39260)
[ vista simple ]
| 000 -LEADER | |
|---|---|
| fixed length control field | 00982nam a2200205 a 4500 |
| 001 - CONTROL NUMBER | |
| control field | 39260 |
| 005 - DATE AND TIME OF LATEST TRANSACTION | |
| control field | 20180714012748.0 |
| 008 - FIXED-LENGTH DATA ELEMENTS--GENERAL INFORMATION | |
| fixed length control field | 140415s1998 mx 000 0 spa d |
| 020 ## - INTERNATIONAL STANDARD BOOK NUMBER | |
| International Standard Book Number | 9706131558 |
| 041 ## - LANGUAGE CODE | |
| Language code of text/sound track or separate title | spa |
| 082 ## - DEWEY DECIMAL CLASSIFICATION NUMBER | |
| Classification number | 340.9 |
| Item number | CON |
| 100 1# - MAIN ENTRY--PERSONAL NAME | |
| Personal name | Contreras Vaca, Francisco José,. |
| 245 10 - TITLE STATEMENT | |
| Title | DERECHO INTERNACIONAL PRIVADO |
| 250 ## - EDITION STATEMENT | |
| Edition statement | 1a ed. |
| 260 ## - PUBLICATION, DISTRIBUTION, ETC. | |
| Place of publication, distribution, etc. | MEXICO : |
| Name of publisher, distributor, etc. | OXFORD UNIVERSITY PRESS MEXICO, |
| Date of publication, distribution, etc. | 1998 |
| 300 ## - PHYSICAL DESCRIPTION | |
| Extent | 795 |
| Dimensions | x 17 x 23 |
| 490 ## - SERIES STATEMENT | |
| Series statement | TEXTOS JURIDICOS UNIVERSITARIOS |
| 520 ## - SUMMARY, ETC. | |
| Summary, etc. | EL TEXTO SE INICIA CON EL ANÁLISIS DE LAS RELACIONES Y DIVERGENCIAS EXISTENTES ENTRE EL DERECHO INTERNACIONAL PÚBLICO Y PRIVADO. POSTERIORMENTE SE EXPONEN LOS LINEAMIENTOS BÁSICOS PARA LACREACIÓN Y RECEPCIÓN DE LOS TRATADOS EN NUESTRO PAÍS Y, PORÚLTIMO SE MUESTRA CÓMO EL DERECHO INTERNACIONAL PRIVADO UTILIZA CON ÉXITO LAS CONVENCIONES INTERNACIONALES PARA RESOLVER LOS PROBLEMAS A QUE SE ENFRENTA |
| 650 14 - SUBJECT ADDED ENTRY--TOPICAL TERM | |
| Topical term or geographic name entry element | DERECHO INTERNACIONAL PRIVADO |
| Withdrawn status | Lost status | Source of classification or shelving scheme | Damaged status | Not for loan | Collection code | Home library | Current library | Shelving location | Date acquired | Source of acquisition | Inventory number | Total Checkouts | Full call number | Barcode | Date last seen | Date last checked out | Price effective from | Koha item type |
|---|---|---|---|---|---|---|---|---|---|---|---|---|---|---|---|---|---|---|
| Dewey Decimal Classification | General | Biblioteca Karol Wojtyla | Biblioteca Karol Wojtyla | Sala general | 03/12/2013 | Compra | 151000000000000000050409 | 340.9 CON | 58956 | 05/01/2026 | 08/11/2016 | 03/12/2013 | Libro |